An experiment in criticism / (Record no. 181178)

MARC details
000 -LEADER
fixed length control field 00600nam a22001937a 4500
005 - DATE AND TIME OF LATEST TRANSACTION
control field 20210903160427.0
010 ## - LCCN (DPL NO)
LC control number B-741379
020 ## - INTERNATIONAL STANDARD BOOK NUMBER
International Standard Book Number 9781107698543
Terms of availability 250.00
035 ## - SYSTEM CONTROL NUMBER
System control number B-741379
037 ## - SOURCE OF ACQUISITION
Source of stock number/acquisition Gift
082 ## - DEWEY DECIMAL CLASSIFICATION NUMBER
Classification number 881
100 ## - MAIN ENTRY--PERSONAL NAME
Personal name Lewis, C.S.
245 ## - TITLE STATEMENT
Title An experiment in criticism /
Statement of responsibility, etc by C.S. Lewis
260 ## - PUBLICATION, DISTRIBUTION, ETC. (IMPRINT)
Place of publication, distribution, etc Delhi
Name of publisher, distributor, etc Cambridge University Press
Date of publication, distribution, etc 2013
270 ## - ADDRESS
Address 4381/4, Ansari ROod, Daryaganj
City Delhi
Postal code 110002
300 ## - PHYSICAL DESCRIPTION
Extent 142p.
Dimensions 22cm(pbk)
942 ## - ADDED ENTRY ELEMENTS (KOHA)
Source of classification or shelving scheme Dewey Decimal Classification
Item type English Books
Call number suffix LEW
Classification part 881
Holdings
Withdrawn status Lost status Not for loan Collection code Home library Current library Date acquired Source of acquisition Cost, normal purchase price Full call number Barcode Copy number Cost, replacement price Koha item type Public note
      Non-fiction Central Library Central Library 03/09/2021 Gift/Eng/18-08-2021 250.00 881 LEW B-741379 1 250.00 English Books Gift

© Delhi Public Library
Hit Counter
free hit counter